Obchodné spoločnosti a družstvo.

Objasnenie druhej časti Obchodného zákonníka platiaceho od 1. januára 1992. Druhá časť Obchodného zákonníka obsahuje právnu úpravu obchodných spoločností a družstva. Definovanie obchodnej spoločnosti. Príprava a vznik obchodnej spoločnosti. Imanie obchodnej spoločnosti. Zánik spoločnosti. Druhy obch...

Descrizione completa

Salvato in:
Dettagli Bibliografici
Autore principale: Dědič, J.
Natura: Capitolo di libro
Lingua:slovacco
Soggetti:
Tags: Aggiungi Tag
Nessun Tag, puoi essere il primo ad aggiungerne!!

MARC

LEADER 00000naa a2200000 4500
001 r007976
005 20220831085558.6
041 0 |a slo 
044 |a [CS] 
245 1 0 |a Obchodné spoločnosti a družstvo.  |c J. Dědič 
520 |a Objasnenie druhej časti Obchodného zákonníka platiaceho od 1. januára 1992. Druhá časť Obchodného zákonníka obsahuje právnu úpravu obchodných spoločností a družstva. Definovanie obchodnej spoločnosti. Príprava a vznik obchodnej spoločnosti. Imanie obchodnej spoločnosti. Zánik spoločnosti. Druhy obchodných spoločností. 
610 2 0 |a predpisy právne 
610 2 0 |a ČSFR 
610 2 0 |a 1992 
610 2 0 |a spoločnosti obchodné 
610 2 0 |a družstvá 
610 2 0 |a zákonník obchodný 
100 1 |a Dědič, J.